Crisis en la Iglesia-crisis de la Iglesia (Registro nro. 69969)
[ vista simple ]
| 000 -LÍDER | |
|---|---|
| Campo fijo de descripción fija | 01559nab a2200241 i 4500 |
| 001 - NÚMERO DE CONTROL | |
| Campo de control | 768714001 |
| 003 - IDENTIFICADOR DEL NÚMERO DE CONTROL | |
| Campo de control | CO-MdFUSB |
| 005 - FECHA Y HORA DE LA ULTIMA TRANSACCIÓN | |
| control field | 20240528151308.0 |
| 008 - ELEMENTOS DE LONGITUD FIJA -- INFORMACIÓN GENERAL | |
| Campo fijo de descripción fija -- Información general | 240528t1976 sp ||||| |||| 00| 0 spa d |
| 040 ## - FUENTE DE CATALOGACIÓN | |
| Idioma de catalogación | spa |
| Agencia que realiza la transcripción | CO-MdFUSB |
| Agencia que realiza la modificación | CO-MdFUSB |
| 041 ## - CÓDIGO DE IDIOMA | |
| Código de idioma para texto/pista de sonido o título separado | spa |
| 100 ## - ASIENTO PRINCIPAL--NOMBRE PERSONAL | |
| Nombre personal | Klostermann, Ferdinand, |
| Fechas asociadas con el nombre | 1907-1982 |
| Término relacionador | autor |
| 245 ## - TÍTULO | |
| Título | Crisis en la Iglesia-crisis de la Iglesia |
| Mención de responsabilidad | / Ferdinand Klostermann ; traducido por M. Gesteira |
| 520 ## - NOTA DE RESUMEN, ETC. | |
| Nota de sumario, etc. | El hablar aquí de crisis no significa que en la Iglesia no haya más que crisis. Además, la crisis no ha de ser considerada como algo puramente negativo. Crisis significa en el Nuevo Testamento discernimiento, decisión, juicio. Las crisis son inevitables en una Iglesia que camina por la historia, expuesta siempre a nuevos problemas y a continuas tentaciones incluso a la de traición a su Señor y al Espíritu (1 Tes 5,19), y necesitada por ello de constante innovación y de reforma. Pero a veces las crisis se acumulan en tal medida que se puede hablar de una crisis de la Iglesia. Sin embargo, las crisis pueden ser provechosas y conducir a una fe más madura, más consciente y más crítica. |
| 650 #7 - ASIENTO SECUNDARIO DE MATERIA - TERMINO TEMÁTICO | |
| Término temático o nombre geográfico como elemento de entrada | Teología dogmática |
| 9 (RLIN) | 6937 |
| 650 #7 - ASIENTO SECUNDARIO DE MATERIA - TERMINO TEMÁTICO | |
| Término temático o nombre geográfico como elemento de entrada | Iglesia |
| 9 (RLIN) | 655 |
| 650 #7 - ASIENTO SECUNDARIO DE MATERIA - TERMINO TEMÁTICO | |
| Término temático o nombre geográfico como elemento de entrada | Fe |
| 9 (RLIN) | 531 |
| 653 ## - TÉRMINO DE INDIZACIÓN - NO CONTROLADO | |
| Término no controlado | La Iglesia en crisis |
| 700 ## - ENTR. SECUNDARIA - Nombre Personal (R) | |
| Nombre de persona | Gesteira, M., |
| Término indicativo de función | traductor |
| 773 0# - ASIENTO DE ITEM FUENTE | |
| Biblionumber | 49450 |
| Itemnumber | 82695 |
| Otro identificador del ítem | R2604 |
| Título | Revista internacional de teología Concilium |
| Número de control del registro | (CO-MdFUSB)8 |
| Número Internacional Normalizado para Publicaciones Seriadas (ISSN) | 0210-1041 |
| Parte(s) relacionada(s) / Volumen., número. (mes año), páginas | Volumen 114, (abril, 1976) páginas: 72 - 83 |
| Enumeración y primera página | página: 72 |
| 942 ## - TIPO DE MATERIAL (KOHA) | |
| Tipo de Item KOHA | Artículos de Revista |
| 945 ## - INFORMACIÓN LOCAL DEL REGISTRO | |
| Catalogador | Catherine Arias Álvarez - Practicante SENA |
No hay ítems disponibles.
